| 000 | 03031 a2200253 4500 | ||
|---|---|---|---|
| 003 | UA-OsUOA | ||
| 005 | 20200909093536.0 | ||
| 008 | 200625b un ||||| |||| 00| 0 rus d | ||
| 020 | _a5864713422 | ||
| 040 |
_aUA-OsUOA _bukr _cUA-OsUOA _dUA-OsUOA |
||
| 041 | _arus | ||
| 080 | _a821.161.2(410) | ||
| 090 |
_a821.161.2(410) _bМ91 |
||
| 100 | _aМур К. | ||
| 245 |
_aАгнец _bЕвангелие от Шмяка, друга детства Иисуса Христа _cКристофер Мур ; пер. с англ. Максима Немцова |
||
| 260 |
_bФантом Пресс _c2004 _aМосква |
||
| 300 | _a640 с. | ||
| 520 | _aУ большинства людей есть друзья детства. Иисус Христос некогда тоже был человеком, и друг детства у него имелся — по прозванью Шмяк. Что очень кстати, ибо детство и юность Сына Божьего окутаны мраком. Точнее, были окутаны — до того момента, как силы небесные решили вернуть Шмяка на землю, дабы он написал правдивую историю первых тридцати трех лет жизни своего божественного друга. С младенчества Джошуа (более известный как Иисус) знал, что избран и что папа у него не из рядовых. Не знал юный Мессия другого — почему избран именно он и зачем избран. Решив прояснить это, Джошуа и Шмяк отправляются в края, где все вопросы получают ответы и поныне, — на восток. Во время странствий каждый занимается тем, что ему ближе: Сын Божий постигает глубины Духа, а добрый малый Шмяк — извивы плоти. Но оба приходят к одинаковому выводу — толика любви людям не помешает. «Агнец» — роман воспитания, умная сатира, но, прежде всего, это сказка с неизвестным сюжетом и известным концом. Желающие найти в книге кощунство, разумеется, найдут его, остальные же насладятся фантазией и юмором Кристофера Мура, а быть может, и попытаются возлюбить ближнего своего. | ||
| 650 |
_2UDC _a821 Художня література |
||
| 700 | 1 |
_aНемцов М. _eпер. с англ. |
|
| 942 |
_cBK _2udc |
||
| 955 | _a3 | ||
| 999 |
_c459653 _d459653 |
||